| 000 | 01001cab a2200373 4500 | ||
|---|---|---|---|
| 001 | ABS57100 | ||
| 008 | 090401t1997 xxu||||| |||| 00| 0 eng d | ||
| 035 | _a(Sirsi) u98448 | ||
| 041 | _aeng | ||
| 100 | _aSpring, M. | ||
| 245 | _aFocus `97: Cheshire | ||
| 260 | _c1997 | ||
| 350 | _a0 | ||
| 490 |
_aEstates Gazette _v(9723) 7 June 1997, 97-133(14) |
||
| 650 | _aCHESHIRE | ||
| 650 | _aCHESTER | ||
| 650 | _aCREWE | ||
| 650 | _aELLESMERE PORT | ||
| 650 | _aLEISURE MARKET | ||
| 650 | _aMACCLESFIELD | ||
| 650 | _aMIDDLEWICH | ||
| 650 | _aNANTWICH | ||
| 650 | _aNORTHWICH | ||
| 650 | _aPROPERTY-COMMERCIAL PROPERTY-OFFICE PROPERTY-OFFICE PROPERTY MARKET | ||
| 650 | _aPROPERTY-COMMERCIAL PROPERTY-RETAIL PROPERTY-RETAIL PROPERTY MARKET | ||
| 650 | _aRETAIL PARKS | ||
| 650 | _aRUNCORN | ||
| 650 | _aWARRINGTON | ||
| 650 | _aWILMSLOW | ||
| 650 | _aWINSFORD | ||
| 690 | _aPROPERTY-COMMERCIAL PROPERTY-COMMERCIAL PROPERTY MARKET | ||
| 942 | _n0 | ||
| 948 | _c09/06/1997 | ||
| 999 |
_c59838 _d59838 |
||